Представление документа в формате RUSMARC

ПолеНазваниеЗначение
  Тип записи a
  Библиографический уровень m
001 Контрольный номер RU/SLIB/B/208711359
005 Дата корректировки 20241106161450.6
010 Индекс ISBN __
d Цена 10-00
101 Язык документа 0_
a Язык текста rus
c Язык оригинала rus
200 Заглавие и сведения об ответственности 0_
a Заглавие Советский район: История. Экономика. Природа. Люди. 1968-1998 гг.
f Первые сведения об ответственности Попадинец Е. В., Васин А. М., Васина А. Л.
b Общее обозначение материала Текст
210 Выходные данные 1_
a Место издания Советский
c Издательство РИО
d Дата издания 1998
215 Физическое описание __
a Объем 172 с.
c Иллюстрации/тип воспроизводства ил.
606 Тематические рубрики __
a Основная рубрика География
606 Тематические рубрики __
a Основная рубрика Краеведение
z Хронологическая подрубрика 1968-1998 гг.; 20 в.
y Географическая подрубрика Россия; ХМАО; Ханты-Мансийский автономный округ; Советский район
610 Ключевые слова 0_
a Ключевые слова история; культура; религии; торговля; экономика; этнография; история края; краеведческая литература
686 Индексы других классификаций __
2 Код системы rubbks
a Классификационный индекс К26.89(2Рос-6Хан)
700 Автор _1
a Фамилия Попадинец
b Имя Е. В.
4 Код отношения 070
702 Вторичная интеллектуальная ответственность _1
a Фамилия Васин
b Имя А. М.
4 Код отношения Автор
4 Код отношения 070
702 Вторичная интеллектуальная ответственность _1
a Фамилия Васина
b Имя А. Л.
4 Код отношения Автор
4 Код отношения 070
801 Источник записи _0
a Страна RU
b Организация Муниципальное бюджетное учреждение культуры "Централизованная библиотечная система" г. Сургут (Центральная городская библиотека им. А. С. Пушкина)
g Правила каталогизации ОБ/Бутенко
801 Источник записи _1
a Страна RU
b Организация Муниципальное бюджетное учреждение культуры "Централизованная библиотечная система" г. Сургут (Центральная городская библиотека им. А. С. Пушкина)
g Правила каталогизации ОБ/Бутенко
852 Данные о местонахождении __
j Шифр хранения К26.89(2Рос-6Хан)
i Авторский знак П 57
p Инвентарный номер 71775
901 Тип документа __
t Тип документа m
903 Характеристики (МАРС) __
a Дата передачи 19990505
990 Данные о заказе (DOS) 00
j Количество экземпляров (DOS) 1
t N записи в КСУ для И/У (DOS) 199901